Методика учета скоростных неоднородностей верхней части раздела при обработке результатов метода общей глубинной точки; Всероссийская научно-геологическая студенческая конференция имени М. А. Усова

書誌詳細
Parent link:Всероссийская научно-геологическая студенческая конференция имени М. А. Усова.— 1996.— С. 25-27.
第一著者: Старцев А. В.
その他の著者: Чернов С. А.
言語:ロシア語
出版事項: 1996
主題:
フォーマット: 図書の章
KOHA link:https://koha.lib.tpu.ru/cgi-bin/koha/opac-detail.pl?biblionumber=53202

MARC

LEADER 00000naa2a2200000 4500
001 53202
005 20231031045019.0
035 |a (RuTPU)RU\TPU\book\55790 
035 |a RU\TPU\book\55780 
090 |a 53202 
100 |a 20030617d1996 k y0rusy50 ca 
101 0 |a rus 
102 |a RU 
200 1 |a Методика учета скоростных неоднородностей верхней части раздела при обработке результатов метода общей глубинной точки  |f А. В. Старцев, С. А. Чернов 
463 1 |0 (RuTPU)RU\TPU\book\1403  |t Всероссийская научно-геологическая студенческая конференция имени М. А. Усова  |o Тезисы докладов  |f ТПУ  |v С. 25-27.  |d 1996  |p 95с 
610 1 |a труды учёных ТПУ 
675 |a 55(063)  |v 3 
700 1 |a Старцев  |b А. В. 
701 1 |a Чернов  |b С. А. 
801 1 |a RU  |b 63413507  |c 20030617  |g PSBO 
801 2 |a RU  |b 63413507  |c 20030617  |g PSBO 
942 |c BK